000 00173 a2200085 4500
041 _aspa
100 _aGabriel Garcia Marquez
245 _aDel amor y otros cuentos
942 _cK
999 _c26479
_d26479